000 00379cam a2200145ua 4500
041 _aeng
_h
082 _a577
_bGAM/MR
100 _aGamow, George .
245 _aMr Towpkins learns the facts of life /
_cGeorge Gamow.
_hTextual Documents
260 _aCambridge :
_bCambridge University Press ,
_c1954.
300 _a87 ; .
504 _a
942 _cBK
999 _c9293
_d9293